Campesino del Cibao : (Registro nro. 14138)

Detalles MARC
000 -LIDER
fixed length control field 01681nam a22002777a 4500
003 - IDENTIFICACDOR DE NÚMERO DE CONTROL
control field DO-SdBNP
005 - DATE AND TIME OF LATEST TRANSACTION
control field 20220404102356.0
008 - ELEMENTOS DE LONGITUD FIJA
fixed length control field 210312b2012 dr 00| 0 spa d
020 ## - ISBN
International Standard Book Number 9789945074789
040 ## - FUENTE DE CATALOGACIÓN
Agencia que crea de manera original el registro BPMSU
Idioma de catalogación spa
Agencia que realiza la transcripción BPMSU
082 ## - NÚMERO DE CLASIFICACIÓN DECIMAL DE DEWEY
Classification number 338.97293
Item number S194c,2012
Edition number 22
100 1# - ASIENTO PRINCIPAL -- NOMBRE PERSONAL
Nombre personal San Miguel, Pedro L
245 10 - MENCIÓN DE TITULO
Título Campesino del Cibao :
Subtítulo economía de mercado y transformación agraría de la de la República Dominicana /
Mención de responsabilidad Pedro L. San Miguel
250 ## - MENCIÓN DE EDICION
Mención de edición 2a. ed.
260 ## - PUBLICACIÓN, DISTRIBUCIÓN, ETC. (PIE DE IMPRENTA)
Lugar de publicación, distribución, etc Santo Domingo :
Nombre del editor, distribuidor, etc. Archivo General de la Nación ;
Fecha de publicación, distribución, etc 2022
Nombre del editor, distribuidor, etc.
300 ## - DESCRIPCIÓN FÍSICA
Extensión 519 p.;
Dimensiones 24 cm.
500 ## - NOTA GENERAL
Nota general Incluye referencias bibliográficas y notas al pie de las páginas
504 ## - NOTA DE BIBLIOGRAFÍA, ETC.
Bibliography, etc Bibliografía : p. 278 -304.
505 0# - NOTA DE CONTENIDO
Texto normalizado de contenido Introducción 7 -- La formación del campesinado: la historia agraria dominicana 17 -- El Cibao: paisajes y regiones 49 -- Población y uso de la tierra 72 -- Comerciantes, intermediarios y campesinos 95 -- La economía rural y el crédito 150 -- La tierra y la sociedad campesina 189 -- El Estado y el campesinado 257 -- Los campesinos del Caribe: una perspectiva cibaeña 323
590 ## - NOTA LOCAL
Enlace Inventariado 2022/VM
650 #4 - ENCABEZAMIENTO DE MATERIA--TEMÁTICO
Término temático o nombre geográfico como elemento de entrada Campesinos
Subdivisión geográfica Cibao (República Dominicana)
Subdivisión temática general Historia
650 #4 - ENCABEZAMIENTO DE MATERIA--TEMÁTICO
Término temático o nombre geográfico como elemento de entrada Agricultura
Subdivisión temática general Aspectos económicos
Subdivisión geográfica Cibao (República Dominicana)
650 #4 - ENCABEZAMIENTO DE MATERIA--TEMÁTICO
Término temático o nombre geográfico como elemento de entrada Agricultura y Estado
Subdivisión geográfica República Dominicana.
910 ## - VALIDACIÓN
Validación VMateo V
942 ## - ADDED ENTRY ELEMENTS (KOHA)
Source of classification or shelving scheme Dewey Decimal Classification
Koha item type Libros
Existencias
Withdrawn status Lost status Source of classification or shelving scheme Damaged status Not for loan Collection code Home library Current library Date acquired Full call number Barcode Date last seen Price effective from Koha item type Total Checkouts Copy number
    Dewey Decimal Classification     Colección Dominicana Biblioteca Pública Metropolitana Salomé Ureña Biblioteca Pública Metropolitana Salomé Ureña 04/04/2022 BPMSU CD 338.97293 S194c 2012 BPMSU22040005 04/04/2022 04/04/2022 Libros    
    Dewey Decimal Classification     Colección Dominicana Biblioteca Pública Metropolitana Salomé Ureña Biblioteca Pública Metropolitana Salomé Ureña 04/04/2022 BPMSU CD 338.97293 S194c 2012 BPMSU25040006 04/01/2025 04/04/2022 Libros   e.2
    Dewey Decimal Classification       Biblioteca Pública Metropolitana Salomé Ureña Biblioteca Pública Metropolitana Salomé Ureña 04/01/2025 BPMSU CD 338.97293 S194c 2012 BPMSU25040007 04/01/2025 04/01/2025 Libros